000 00431nam a22001697a 4500
003 MPLRDC
005 20220104142959.0
008 210129b ||||| |||| 00| 0 eng d
082 _a859.6 ETLY v.817
100 _a儿童乐园编辑部
245 _a儿童乐园. 817
_c
260 _a
_b儿童乐园半月刊社
_c1987
300 _b
490 _a儿童乐园;817
650 _a儿童杂志
942 _cBK
_o859.6 ETLY v.817
999 _c35479
_d35469